000 01160cmm a22003135i 4500
999 _c16143
_d16143
003 EG-ScBUE
005 20201129091622.0
006 m|||| q||d 00| 0
007 co cga---muuuu
008 111012t20102010enka s 000 0 eng d
020 _a9780230407718 (multi-user version)
040 _aEG-ScBUE
_beng
_erda
_cEG-ScBUE
_dEG-ScBUE
082 0 4 _a428.24
_bCLA
_222
100 1 _aClandfield, Lindsay,
_eauthor.
_927030
245 1 0 _aGlobal digital.
_pPre-intermediate /
_cLindsay Clandfield ; with additional contributions by Amanda Jeffries.
264 1 _aOxford :
_bMacmillan Education,
_c[2010]
264 4 _cc2010
300 _a1 CD-ROM :
_bsound, color ;
_c4 3/4 in. +
_e1 user's guide (63 pages : illustration ; 18 cm)
336 _atext
_btxt
_2rdacontent
337 _acomputer
_bc
_2rdamedia
338 _acomputer disc
_bcd
_2rdacarrier
344 _adigital
_2rdatr
347 _atext file
_2rdaft
347 _bElectronic resource
650 7 _aEnglish language
_vTextbooks for foreign speakers.
_2BUEsh
_913799
650 7 _aEnglish language
_xStudy and teaching.
_2BUEsh
700 1 _aJeffries, Amanda,
_econtributor.
_927031
942 _2ddc
_cCDVDN